Nguyên lý thiết kế cấu tạo các công trình kiến trúc /

Khái niệm chung về cấu tạo kiến trúc; Cấu tạo móng nhà, tường nhà, mái nhà, cửa, sàn, cầu thang phần cơ bản và phần chuyên sâu ....

Сохранить в:
Библиографические подробности
Главный автор: Phan Tấn Hài.
Другие авторы: Võ Đình Diệp., Cao Xuân Lương.
Формат:
Язык:Vietnamese
Опубликовано: Hà Nội : Xây dựng, 1994.
Предметы:
Метки: Добавить метку
Нет меток, Требуется 1-ая метка записи!
Thư viện lưu trữ: Mạng thư viện Đại học Đà Nẵng
LEADER 01176cam a2200373 a 4500
001 000042672
003 546
005 20060216110334.0
008 010217b1994 vm 000 vie
020 |c 20000 
022 |a T 
040 |a IRC  |c IRC  |d IRC 
041 0 |a vie 
082 1 4 |a 690.1  |b PH-H 
100 1 |a Phan Tấn Hài. 
245 1 0 |a Nguyên lý thiết kế cấu tạo các công trình kiến trúc /  |c Phan Tấn Hài, Võ Đình Diệp, Cao Xuân Lương. 
260 |a Hà Nội :  |b Xây dựng,  |c 1994. 
300 |a 318 tr. ;  |c 27 cm. 
520 3 |a Khái niệm chung về cấu tạo kiến trúc; Cấu tạo móng nhà, tường nhà, mái nhà, cửa, sàn, cầu thang phần cơ bản và phần chuyên sâu .... 
630 0 4 |a Kiến trúc phong cảnh. 
630 0 4 |a Thiết kế. 
650 0 4 |a Công trình kiến trúc  |x Thiết kế. 
700 1 |a Võ Đình Diệp. 
700 1 |a Cao Xuân Lương. 
OWN |a DUT 
999 |a From the UDN01 
TYP |a Monograph 
TYP |a Printed language 
980 |a Mạng thư viện Đại học Đà Nẵng